Plumas para almorzar / (Record no. 24666)

MARC details
000 -LEADER
fixed length control field 02255cam a2200541Ii 4500
001 - CONTROL NUMBER
control field sjds1072947
003 - CONTROL NUMBER IDENTIFIER
control field sjds
005 - DATE AND TIME OF LATEST TRANSACTION
control field 20200706081423.0
008 - FIXED-LENGTH DATA ELEMENTS--GENERAL INFORMATION
fixed length control field 950531s1996 caua b 000 1 spa
010 ## - LIBRARY OF CONGRESS CONTROL NUMBER
LC control number 95022798
020 ## - INTERNATIONAL STANDARD BOOK NUMBER
International Standard Book Number 0152010211
Qualifying information (paperback)
020 ## - INTERNATIONAL STANDARD BOOK NUMBER
International Standard Book Number 9780152010218
Qualifying information (paperback)
035 ## - SYSTEM CONTROL NUMBER
System control number 720401
035 ## - SYSTEM CONTROL NUMBER
System control number (OCoLC)32779793
Canceled/invalid control number (OCoLC)40115996
-- (OCoLC)63161594
035 ## - SYSTEM CONTROL NUMBER
System control number (OCoLC)ocm32779793
035 ## - SYSTEM CONTROL NUMBER
System control number 135696
035 ## - SYSTEM CONTROL NUMBER
System control number 720401
040 ## - CATALOGING SOURCE
Original cataloging agency DLC
Language of cataloging eng
Transcribing agency DLC
Modifying agency GCV
-- OCLCQ
-- IF9
-- IHV
-- BDX
-- E4K
-- OCLCO
-- OCLCF
-- OCLCQ
-- OCLCO
-- OCLCA
041 1# - LANGUAGE CODE
Language code of text/sound track or separate title spa
Language code of original eng
042 ## - AUTHENTICATION CODE
Authentication code lcac
049 ## - LOCAL HOLDINGS (OCLC)
Holding library IFAA
099 ## - LOCAL FREE-TEXT CALL NUMBER (OCLC)
Filing suffix 1996
100 1# - MAIN ENTRY--PERSONAL NAME
Personal name Ehlert, Lois,
Relator term author.
240 10 - UNIFORM TITLE
Uniform title <a href="Feathers for lunch.">Feathers for lunch.</a>
Language of a work Spanish
245 10 - TITLE STATEMENT
Title Plumas para almorzar /
Statement of responsibility, etc. escrito por Lois Ehlert ; traducido por Alma Flor Ada, F. Isabel Campoy.
260 ## - PUBLICATION, DISTRIBUTION, ETC. (IMPRINT)
Place of publication, distribution, etc. San Diego :
Name of publisher, distributor, etc. Libros Viajeros, Harcourt Brace & Co.,
Date of publication, distribution, etc. 1996.
300 ## - PHYSICAL DESCRIPTION
Extent 1 volume [34] pages :
Other physical details color illustrations ;
Dimensions 31 cm
336 ## - CONTENT TYPE
Content type term text
Content type code txt
Source rdacontent
337 ## - MEDIA TYPE
Media type term unmediated
Media type code n
Source rdamedia
338 ## - CARRIER TYPE
Carrier type term volume
Carrier type code nc
Source rdacarrier
500 ## - GENERAL NOTE
General note Título original: Feathers for lunch.
520 ## - SUMMARY, ETC.
Summary, etc. An escaped housecat encounters twelve birds in the back yard but fails to catch any of them and has to eat feathers for lunch.
520 ## - SUMMARY, ETC.
Summary, etc. El gato se ha escapado. Busca algo para almorzar y el jardín está lleno de pájaros.
546 ## - LANGUAGE NOTE
Language note Text in Spanish.
650 #0 - SUBJECT ADDED ENTRY--TOPICAL TERM
Topical term or geographic name as entry element Cats
Form subdivision Juvenile fiction.
650 #0 - SUBJECT ADDED ENTRY--TOPICAL TERM
Topical term or geographic name as entry element Birds
Form subdivision Juvenile fiction.
650 #0 - SUBJECT ADDED ENTRY--TOPICAL TERM
Topical term or geographic name as entry element Stories in rhyme
Form subdivision Juvenile literature.
650 #7 - SUBJECT ADDED ENTRY--TOPICAL TERM
Topical term or geographic name as entry element Gatos
Form subdivision Novela juvenil.
Source of heading or term bidex
650 #7 - SUBJECT ADDED ENTRY--TOPICAL TERM
Topical term or geographic name as entry element Aves
Form subdivision Novela juvenil.
Source of heading or term bidex
650 #7 - SUBJECT ADDED ENTRY--TOPICAL TERM
Topical term or geographic name as entry element Cuentos en rimas
Form subdivision Literatura juvenil.
Source of heading or term bidex
700 1# - ADDED ENTRY--PERSONAL NAME
Personal name Ada, Alma Flor.
700 1# - ADDED ENTRY--PERSONAL NAME
Personal name Campoy, F. Isabel.
856 42 - ELECTRONIC LOCATION AND ACCESS
Materials specified Contributor biographical information
Uniform Resource Identifier <a href="http://catdir.loc.gov/catdir/enhancements/fy0711/95022798-b.html">http://catdir.loc.gov/catdir/enhancements/fy0711/95022798-b.html</a>
856 42 - ELECTRONIC LOCATION AND ACCESS
Materials specified Publisher description
Uniform Resource Identifier <a href="http://catdir.loc.gov/catdir/description/har031/95022798.html">http://catdir.loc.gov/catdir/description/har031/95022798.html</a>
856 42 - ELECTRONIC LOCATION AND ACCESS
Materials specified Contributor biographical information
Uniform Resource Identifier <a href="http://catdir.loc.gov/catdir/enhancements/fy0711/95022798-b.html">http://catdir.loc.gov/catdir/enhancements/fy0711/95022798-b.html</a>
856 42 - ELECTRONIC LOCATION AND ACCESS
Materials specified Publisher description
Uniform Resource Identifier <a href="http://catdir.loc.gov/catdir/description/har031/95022798.html">http://catdir.loc.gov/catdir/description/har031/95022798.html</a>
942 ## - ADDED ENTRY ELEMENTS (KOHA)
Koha item type Libro/Book
Source of classification or shelving scheme Dewey Decimal Classification
Holdings
Withdrawn status Lost status Damaged status Not for loan Home library Current library Shelving location Date acquired Total Checkouts Full call number Barcode Date last seen Date checked out Price effective from Koha item type Inventory number
        La Puerta Biblioteca -- Satellite La Puerta Biblioteca -- Satellite   09/04/2018 3   40301538 17/01/2026 28/09/2023 09/04/2018 Libro/Book  
        Las Pampas -- Satellite Las Pampas -- Satellite   27/03/2017   JFI 35700751 27/03/2017   27/03/2017 Libro/Book inventory date: 17-1-25
        San Juan Del Sur -- Biblioteca San Juan Del Sur -- Biblioteca Children's Area 24/07/2015 11 CAJA ESPANOL 30007124 21/12/2018 03/12/2018 24/07/2015 Libro/Book  
        San Juan Del Sur -- Mobile San Juan Del Sur -- Mobile   17/03/2025   JI 30030808 17/03/2025   17/03/2025 Libro/Book Inventory date: 13-3-25

Powered by Koha